| 000 | 00765nam a2200181Ia 4500 | ||
|---|---|---|---|
| 008 | 100921s9999 xx 000 0 und d | ||
| 082 |
_b36721 _a796 न 01 |
||
| 100 | _aपाठक धुंडिराज. | ||
| 245 | _aवास्तुशास्त्र का व कसे ?. | ||
| 260 |
_bज्योतिषभारती,पुणे. _c2001 |
||
| 300 |
_a240 _bपाठक धुंडिराज,पुणे |
||
| 365 | _b200 | ||
| 520 | _aकला-वास्तुशिल्पकला. | ||
| 630 | _aवास्तुशास्त्र का व कसे ?. | ||
| 650 | _aकला-वास्तुशिल्पकला. | ||
| 730 | _aवास्तुशास्त्र का व कसे ?. | ||
| 942 | _cBOOK | ||
| 999 |
_c785834 _d785831 |
||